Philosophical and Religious Lectures of Swami Vivekananda (Record no. 15952)
[ view plain ]
| 000 -LEADER | |
|---|---|
| fixed length control field | 00633nam a2200241 a 4500 |
| 020 ## - INTERNATIONAL STANDARD BOOK NUMBER | |
| ISBN | 8175050675 |
| 082 00 - DEWEY DECIMAL CLASSIFICATION NUMBER | |
| Classification number | 200.1 |
| Author Cutter | VIV1 |
| 100 ## - MAIN ENTRY--AUTHOR NAME | |
| Author name | Vivekananda, |
| 245 ## - TITLE STATEMENT | |
| Title | Philosophical and Religious Lectures of Swami Vivekananda |
| 260 ## - PUBLICATION, DISTRIBUTION, ETC. (IMPRINT) | |
| Place of publication | Kolkata |
| Name of publisher | Advaita Asharma |
| Year of publication | 2012 |
| 300 ## - PHYSICAL DESCRIPTION | |
| Number of Pages | 291p |
| 500 ## - GENERAL NOTE | |
| General note | includes index and biblioraphy |
| 650 ## - SUBJECT ADDED ENTRY--TOPICAL TERM | |
| Topical Term | Philosophy-Religion |
| 650 ## - SUBJECT ADDED ENTRY--TOPICAL TERM | |
| Topical Term | Religion-Philosophy |
| 942 ## - ADDED ENTRY ELEMENTS (KOHA) | |
| Koha item type | Books |
| 700 1# - | |
| -- | Vivekananda, |
| Collection code | Home library | Current library | Date acquired | Cost, normal purchase price | Full call number | Accession Number | Koha item type |
|---|---|---|---|---|---|---|---|
| Henry Martyn Institute Library | Henry Martyn Institute Library | 01/01/2005 | 50.00 | 200.1 VIV1 | 024733 | Books |
